Vera. Set 9 /

The central character is Detective Chief Inspector Vera Stanhope. Who is obsessive about her work and driven by her own demons. If she's lonely she doesn't show it and faces the world with caustic wit, guile, and courage. Her trusted an dlong suffering colleague is Sergeant Joe Ashworth. T...

Full description

Bibliographic Details
Uniform Title:Vera (Television program).
Other Authors: Logue, Paul (Screenwriter) (Screenwriter), Thompson, Paul Matthew (Screenwriter), Hillier, Martha (Screenwriter), Blethyn, Brenda, 1946- (Actor), Doughty, Kenny, 1975- (Actor), Morrison, Jon (Actor), Kaye, Paul, 1965- (Actor), Jack, Ibinabo (Actor), Jones, Riley (Actor), Cleeves, Ann
Format: Video DVD
Language:English
Language Notes:English subtitles for the deaf and hard of hearing (SDH).
Published: London, England : BBC, 2019.
Subjects:

MARC

Tag First Indicator Second Indicator Subfields
LEADER 00000cgm a2200000Ii 4500
001 in00004123921
005 20200420141432.0
007 vd cvaizs
008 070101t20192018enk356 e vleng d
024 1 |a 883929700165 
024 3 |z 8515616339573 
028 4 1 |a 1000706827 
028 4 1 |a 3000079588 
035 |a (OCoLC)on1107588517 
035 |a (OCoLC)1107588517 
040 |a ETC  |b eng  |e rda  |c ETC  |d OCLCO  |d OCLCF  |d JTE  |d JBL  |d TEF  |d OCLCA  |d MR0  |d INO  |d TXA  |d UtOrBLW 
043 |a e-uk-en 
049 |a TXAM 
050 4 |a PN1992.77  |b .V47 2019 
082 0 4 |a 791.45/75  |2 23 
082 0 4 |a [E] 
090 |a PN1992.77.V465  |b V479 2019 
130 0 |a Vera (Television program).  |n Season 9. 
245 1 0 |a Vera.  |n Set 9 /  |c BBC ; writers, Paul Logue, Paul Matthew Thompson, Martha Hillier ; directors, Paul Gay, Lawrence Gough, Carolina Giammetta, Declan O'Dwyer ; producer, Will Nicholson. 
246 3 |a Vera.  |n Season 9 
257 |a Great Britain  |2 naf 
264 1 |a London, England :  |b BBC,  |c 2019. 
264 4 |c ©2019 
300 |a 2 videodiscs (356 min.) :  |b sound, color ;  |c 4 3/4 in. 
336 |a two-dimensional moving image  |b tdi  |2 rdacontent 
337 |a video  |b v  |2 rdamedia 
338 |a videodisc  |b vd  |2 rdacarrier 
340 |a DVD video  |b 4 3/4 in.  |2 rda 
344 |a digital  |2 rdatr 
344 |b optical  |2 rdarm 
344 |g stereo  |2 rdacpc 
344 |h Dolby digital 
346 |b NTSC  |2 rdabs 
347 |a video file  |2 rdaft 
347 |b DVD video 
347 |e region 1  |2 rdare 
380 |a Television programs.  |2 lcgft 
538 |a DVD ; NTSC, region 1 ; anamorphic widescreen (16:9) presentation ; Dolby digital stereo. 
546 |a English subtitles for the deaf and hard of hearing (SDH). 
511 1 |a Brenda Blethyn, Kenny Doughty, Jon Morrison, Paul Kaye, Ibinabo Jack, Riley Jones. 
500 |a Based on the novels of Ann Cleeves. 
500 |a DVD release of episodes originally broadcast on television in 2019. 
500 |a Wide screen. 
521 8 |a MPAA rating: Not rated. 
520 |a The central character is Detective Chief Inspector Vera Stanhope. Who is obsessive about her work and driven by her own demons. If she's lonely she doesn't show it and faces the world with caustic wit, guile, and courage. Her trusted an dlong suffering colleague is Sergeant Joe Ashworth. Together they approach every new case with unparalleled gusto and professionalism. 
505 0 |a Disc 1. Blindspot ; Cuckoo -- Disc 2. Cold river ; The seagull. 
600 1 0 |a Stanhope, Vera  |v Drama. 
650 0 |a Murder  |z England  |z Northumberland  |v Drama. 
650 0 |a Women detectives  |z England  |z Northumberland  |v Drama. 
650 0 |a Criminal investigation  |z England  |z Northumberland  |v Drama. 
650 0 |a Murder  |x Investigation  |v Drama. 
650 0 |a Policewomen  |z England  |z Northumberland  |v Drama. 
651 0 |a Northumberland (England)  |v Drama. 
650 7 |a Criminal investigation.  |2 fast  |0 (OCoLC)fst00883201 
650 7 |a DVDs.  |2 fast  |0 (OCoLC)fst00886643 
650 7 |a Murder.  |2 fast  |0 (OCoLC)fst01029781 
650 7 |a Women detectives.  |2 fast  |0 (OCoLC)fst01177563 
651 7 |a England  |z Northumberland.  |2 fast  |0 (OCoLC)fst01207030 
655 7 |a Detective and mystery television programs.  |2 fast  |0 (OCoLC)fst01710488 
655 7 |a Drama.  |2 fast  |0 (OCoLC)fst01423879 
655 7 |a Fiction television programs.  |2 fast  |0 (OCoLC)fst01710265 
655 7 |a Television adaptations.  |2 fast  |0 (OCoLC)fst01710478 
655 7 |a Television crime shows.  |2 fast  |0 (OCoLC)fst01710490 
655 7 |a Television series.  |2 fast  |0 (OCoLC)fst01710566 
655 7 |a Video recordings for the hearing impaired.  |2 fast  |0 (OCoLC)fst01710450 
655 7 |a Detective and mystery television programs.  |2 lcgft  |0 http://id.loc.gov/authorities/genreForms/gf2011026197 
655 7 |a Television crime shows.  |2 lcgft  |0 http://id.loc.gov/authorities/genreForms/gf2011026658 
655 7 |a Television adaptations.  |2 lcgft  |0 http://id.loc.gov/authorities/genreForms/gf2011026653 
655 7 |a Television series.  |2 lcgft  |0 http://id.loc.gov/authorities/genreForms/gf2011026680 
655 7 |a Fiction television programs.  |2 lcgft  |0 http://id.loc.gov/authorities/genreForms/gf2011026252 
655 7 |a Video recordings for the hearing impaired.  |2 lcgft  |0 http://id.loc.gov/authorities/genreForms/gf2011026725 
700 1 |a Logue, Paul  |c (Screenwriter),  |e screenwriter. 
700 1 |a Thompson, Paul Matthew,  |e screenwriter.  |0 http://id.loc.gov/authorities/names/no2017110708 
700 1 |a Hillier, Martha,  |e screenwriter.  |0 http://id.loc.gov/authorities/names/no2017139383 
700 1 |a Gay, Paul,  |e television director.  |0 http://id.loc.gov/authorities/names/no2011000183 
700 1 |a Gough, Lawrence,  |e television director.  |0 http://id.loc.gov/authorities/names/no2017097100 
700 1 |a Giammetta, Carolina,  |e television director.  |0 http://id.loc.gov/authorities/names/no2012094531 
700 1 |a O'Dwyer, Declan,  |e television director.  |0 http://id.loc.gov/authorities/names/no2008163439 
700 1 |a Nicholson, Will,  |e television producer. 
700 1 |a Blethyn, Brenda,  |d 1946-  |e actor.  |0 http://id.loc.gov/authorities/names/no97050260 
700 1 |a Doughty, Kenny,  |d 1975-  |e actor.  |0 http://id.loc.gov/authorities/names/no2010093433 
700 1 |a Morrison, Jon,  |e actor.  |0 http://id.loc.gov/authorities/names/no2017140151 
700 1 |a Kaye, Paul,  |d 1965-  |e actor.  |0 http://id.loc.gov/authorities/names/nr2005030377 
700 1 |a Jack, Ibinabo,  |e actor.  |0 http://id.loc.gov/authorities/names/no2018085493 
700 1 |a Jones, Riley,  |e actor.  |0 http://id.loc.gov/authorities/names/no2017140833 
700 1 |i Television adaptation of (work) :  |a Cleeves, Ann.  |t Vera Stanhope series.  |0 http://id.loc.gov/authorities/names/no2011114341 
710 2 |a British Broadcasting Corporation,  |e publisher.  |0 http://id.loc.gov/authorities/names/n79074359 
994 |a C0  |b TXA 
948 |a cataloged  |b h  |c 2020/01/08  |d c  |e blrosas  |f 12:56:26 pm 
999 f f |s 6d150392-d540-3cd3-a176-eb7d10273a2a  |i bdbce2e5-668c-3291-b85f-d29610f58e80  |t 0 
952 f f |p dvd  |a Texas A&M University  |b College Station  |c Sterling C. Evans Library  |d Evans: Media and Reserves (Annex 1st floor)  |t 0  |e PN1992.77.V465 V479 2019  |h Library of Congress classification  |i video -- videodisc  |m A14850987521 
998 f f |a PN1992.77.V465 V479 2019  |t 0  |l Evans: Media and Reserves (Annex 1st floor)